000 00463nam a2200145Ia 4500
008 230917s9999||||xx |||||||||||||| ||und||
040 _e170350
_aMAIN
041 _aEnglish
082 _a891.43301731 SK23U
100 _aशर्मा, क्षितिज
245 0 _aउतरांचल की कहानियाँ
260 _aदिल्ली
_bपूर्वाचंल प्रकाशन
_c1998
300 _a150 पृ. p.
942 _cHN
999 _c92076
_d92076